Culture Générale - Série 920 - Statistiques

Statistiques générales
  • Ce quiz a été pris 135 fois
  • Le résultat moyen est 6 sur 10
Statistiques - réponses
Question Réponse % Correct
"Mais, ou , et, donc, or, ni, car" sont des conjonctions de... coordination
97%
À l'intérieur d'un théâtre, quel mot de 4 lettres désigne le côté qui s'oppose à jardin ? cour
88%
Quelle pièce du jeu d'échecs se déplace exclusivement en diagonale ? fou
88%
Quelle pâte vert clair parfois appelée "raifort vert" ou "raifort japonais" utilise-t-on dans la cuisine japonaise ? wasabi
72%
En 1981, de quelle ville Jean-Marie Lustiger a-t-il été nommé archevêque ? Paris
65%
Quel mot, issu du latin signifiant "petite bosse", désigne la racine renflée de certaines plantes comme la pomme de terre ? tubercule
54%
Quel était le sport de prédilection des frères Boniface dans les années 1960 ? rugby
42%
Dans la mythologie grecque, quelle Muse préside à la poésie érotique et amoureuse, et aux noces ? Érato
37%
Quel fruit, tirant son nom du latin classique “amygdala”, fournit une huile à usage médicinal ? amande
25%
En 1981, 1983 et 1987, quel pilote brésilien est triple champion du monde de Formule 1 ? Nelson Piquet
20%
Aucun quiz correspondant
Distribution des résultats
% des personnes avec chaque résultat
Percentile par nombre de réponses
Votre historique - résultats
Vous n’avez pas pris ce quiz